[Event "CRO-chT"]
[Site "Porec"]
[Date "1998.09.14"]
[Round "8"]
[White "Zaja, Ivan"]
[Black "Jovanovic, Sasa D"]
[Result "1/2-1/2"]
[WhiteElo "2445"]
[BlackElo "2375"]
[PlyCount "112"]
[EventDate "1998.09.??"]
[EventType "team-tourn"]
[EventRounds "9"]
[EventCountry "CRO"]
[SourceTitle "EXT 1999"]
[Source "ChessBase"]
[SourceDate "1998.11.16"]
[SourceVersion "1"]
[SourceVersionDate "1998.11.16"]
[SourceQuality "1"]

1. d4 Nf6 2. c4 e6 3. Nc3 Bb4 4. e3 b6 5. Nge2 Ba6 6. a3 Be7 7. Nf4 d6 8. e4 0-0 9. Bd3 e5 10. Nfe2 Nbd7 11. b3 exd4 12. Nxd4 Bb7 13. 0-0 Nc5 14. Nf5 g6 15. Nxe7+ Qxe7 16. Bb2 Qe5 17. Rb1 Ng4 18. Qxg4 Nxd3 19. Ba1 Qe6 20. Qf3 Nc5 21. Nd5 Bxd5 22. cxd5 Qe7 23. Rbe1 f6 24. b4 Nd7 25. Qc3 Rac8 26. f4 Rf7 27. Rf3 Rg7 28. h4 h6 29. Rfe3 g5 30. hxg5 hxg5 31. e5 fxe5 32. fxe5 Nxe5 33. Rxe5 dxe5 34. Rxe5 Qd7 35. Rxg5 Rxg5 36. Qh8+ Kf7 37. Qf6+ Ke8 38. Qxg5 Qf7 39. Bf6 Kf8 40. Qh6+ Ke8 41. Qh8+ Kd7 42. Qh3+ Kd6 43. Qg3+ Kd7 44. Qg4+ Kd6 45. Qxc8 Qxf6 46. Qe6+ Qxe6 47. dxe6 Kxe6 48. Kf2 Kd5 49. Ke3 c5 50. bxc5 Kxc5 51. Ke4 b5 52. g4 Kd6 53. Kd4 a5 54. g5 b4 55. axb4 axb4 56. Kc4 Ke6 1/2-1/2

[Event "Zagreb op"]
[Site "Zagreb"]
[Date "1998.01.10"]
[Round "8"]
[White "Milasin, Miljenko"]
[Black "Jovanovic, Sasa D"]
[Result "1/2-1/2"]
[WhiteElo "2295"]
[BlackElo "2345"]
[PlyCount "104"]
[EventDate "1998.01.03"]
[EventType "swiss"]
[EventRounds "9"]
[EventCountry "CRO"]
[SourceTitle "CBM 062 Extra"]
[Source "ChessBase"]
[SourceDate "1998.03.09"]
[SourceVersion "1"]
[SourceVersionDate "1998.03.09"]
[SourceQuality "1"]

1. e4 c5 2. Nf3 d6 3. d4 cxd4 4. Nxd4 Nf6 5. Nc3 Nc6 6. Bc4 Qb6 7. Ndb5 a6 8. Be3 Qa5 9. Nd4 Ne5 10. Nb3 Qc7 11. Be2 Nc4 12. Bxc4 Qxc4 13. f3 e6 14. Qd2 Be7 15. a3 b5 16. Bf4 e5 17. Bg5 Be6 18. Bxf6 gxf6 19. Nd5 Bxd5 20. Na5 Qc5 21. b4 Qb6 22. exd5 f5 23. Qf2 Bd8 24. Nc6 Qxf2+ 25. Kxf2 Bb6+ 26. Ke2 Rg8 27. g3 f4 28. gxf4 exf4 29. Kd3 Kd7 30. Rae1 Rae8 31. c4 bxc4+ 32. Kxc4 Re3 33. Rxe3 fxe3 34. Nd4 Rg2 35. Re1 Rxh2 36. Rxe3 Rh4 37. Re4 Rxe4 38. fxe4 h5 39. Nf5 Bd8 40. Kd3 Bf6 41. Ke2 Bb2 42. a4 Kc7 43. Kf3 Bc3 44. b5 axb5 45. axb5 Be5 46. Nh6 f6 47. Nf5 Kb6 48. Ng7 f5 49. Nxf5 Kxb5 50. Ne7 Kb6 51. Nc6 Bf6 52. Kf4 h4 1/2-1/2

[Event "Zagreb op"]
[Site "Zagreb"]
[Date "1998.01.06"]
[Round "4"]
[White "Marendic, Vlatko"]
[Black "Jovanovic, Sasa D"]
[Result "0-1"]
[WhiteElo "2130"]
[BlackElo "2345"]
[PlyCount "42"]
[EventDate "1998.01.03"]
[EventType "swiss"]
[EventRounds "9"]
[EventCountry "CRO"]
[SourceTitle "CBM 062 Extra"]
[Source "ChessBase"]
[SourceDate "1998.03.09"]
[SourceVersion "1"]
[SourceVersionDate "1998.03.09"]
[SourceQuality "1"]

1. d4 Nf6 2. Nf3 d5 3. e3 g6 4. c4 Bg7 5. Nc3 0-0 6. Ne5 e6 7. b4 a5 8. b5 c5 9. bxc6 Nxc6 10. Nxc6 bxc6 11. cxd5 Nxd5 12. Nxd5 Qxd5 13. Qb3 Qg5 14. Ba3 Re8 15. Rc1 e5 16. dxe5 Be6 17. Qc2 Bxe5 18. g3 Bd5 19. Rg1 Rab8 20. Be2 Qf6 21. f4 Be4 0-1

[Event "Zagreb op"]
[Site "Zagreb"]
[Date "1998.01.04"]
[Round "2"]
[White "Markic, Mario"]
[Black "Jovanovic, Sasa D"]
[Result "0-1"]
[WhiteElo "2125"]
[BlackElo "2345"]
[PlyCount "70"]
[EventDate "1998.01.03"]
[EventType "swiss"]
[EventRounds "9"]
[EventCountry "CRO"]
[SourceTitle "CBM 062 Extra"]
[Source "ChessBase"]
[SourceDate "1998.03.09"]
[SourceVersion "1"]
[SourceVersionDate "1998.03.09"]
[SourceQuality "1"]

1. e4 e6 2. d3 d5 3. Nd2 c5 4. g3 Nc6 5. Bg2 g6 6. f4 Bg7 7. Ngf3 Nge7 8. 0-0 b6 9. Re1 0-0 10. c3 Ba6 11. Bf1 Qc7 12. e5 h5 13. Ng5 Nf5 14. g4 hxg4 15. Qxg4 Bh6 16. Ndf3 Kg7 17. h4 Bxg5 18. fxg5 Rh8 19. Bf4 Rad8 20. Rad1 d4 21. c4 Nce7 22. Rd2 Bb7 23. Rh2 Bxf3 24. Qxf3 Rxh4 25. Rxh4 Nxh4 26. Qf2 Rh8 27. Bg3 Nef5 28. Re4 Nxg3 29. Qxg3 Nf5 30. Qg2 Rh4 31. Rxh4 Nxh4 32. Qe4 Nf5 33. Bh3 Qd8 34. Bxf5 gxf5 35. Qh4 Qh8 0-1

[Event "Budapest FS03 IM-B"]
[Site "Budapest"]
[Date "1997.??.??"]
[Round "4"]
[White "Eperjesi, Laszlo"]
[Black "Jovanovic, Sasa D"]
[Result "1-0"]
[WhiteElo "2340"]
[BlackElo "2385"]
[PlyCount "85"]
[EventDate "1997.03.??"]
[EventType "tourn"]
[EventRounds "11"]
[EventCountry "HUN"]
[EventCategory "2"]
[SourceTitle "CBM 057 Extra"]
[Source "ChessBase"]
[SourceDate "1997.05.01"]
[SourceVersion "1"]
[SourceVersionDate "1997.05.01"]
[SourceQuality "1"]

1. d4 Nf6 2. Nf3 g6 3. Bg5 Bg7 4. Nbd2 d5 5. e3 0-0 6. Be2 b6 7. 0-0 Bb7 8. h3 Nbd7 9. a4 a5 10. Bb5 c6 11. Bd3 c5 12. c3 Re8 13. Bb5 Ba6 14. Bxa6 Rxa6 15. Qe2 Ra8 16. Rfd1 Qc7 17. Bf4 Qc6 18. Bh2 Rac8 19. Rdc1 Ne4 20. Rd1 e6 21. Qb5 Nxd2 22. Nxd2 Qb7 23. Bd6 Rc6 24. dxc5 Qc8 25. Bg3 Rxc5 26. Qe2 e5 27. Nb3 Rc4 28. Rxd5 Nf6 29. Rxe5 Rd8 30. Rb5 Ne4 31. Be5 Bxe5 32. Rxe5 Qc7 33. Rb5 Nd6 34. Rd5 Qc6 35. Rd4 Rc8 36. Rxc4 Nxc4 37. Nd4 Qe4 38. Rd1 Rc5 39. Nf3 Qe8 40. b3 Ne5 41. Nxe5 Qxe5 42. c4 Rc8 43. Qd2 1-0

[Event "Budapest FS03 IM-B"]
[Site "Budapest"]
[Date "1997.??.??"]
[Round "2"]
[White "Jovanovic, Sasa D"]
[Black "Ellers, Holger"]
[Result "1/2-1/2"]
[WhiteElo "2385"]
[BlackElo "2260"]
[PlyCount "85"]
[EventDate "1997.03.??"]
[EventType "tourn"]
[EventRounds "11"]
[EventCountry "HUN"]
[EventCategory "2"]
[SourceTitle "CBM 057 Extra"]
[Source "ChessBase"]
[SourceDate "1997.05.01"]
[SourceVersion "1"]
[SourceVersionDate "1997.05.01"]
[SourceQuality "1"]

1. e4 e6 2. d4 d5 3. Nc3 Nf6 4. Bg5 dxe4 5. Nxe4 Nbd7 6. Nxf6+ Nxf6 7. Nf3 h6 8. Bxf6 Qxf6 9. Bd3 g6 10. 0-0 Bg7 11. Re1 0-0 12. Ne5 Rd8 13. c3 c5 14. Qg4 cxd4 15. cxd4 Bd7 16. Be4 Be8 17. Rad1 Rac8 18. Qe2 Rc7 19. Qe3 Qe7 20. a3 Qd6 21. Nf3 Qb6 22. Rd2 Rcd7 23. Red1 Rd6 24. h4 Ba4 25. Rc1 e5 26. d5 f5 27. Bb1 Be8 28. Ba2 Bf7 29. Qc5 Qxc5 30. Rxc5 R6d7 31. b4 e4 32. Ne1 Kf8 33. Nc2 Bf6 34. g3 Be7 35. Rc3 Bxd5 36. Bxd5 Rxd5 37. Rxd5 Rxd5 38. Rc7 a5 39. Rxb7 axb4 40. axb4 Rd1+ 41. Kg2 Rb1 42. Rc7 Rb2 43. Rc4 1/2-1/2

[Event "Budapest FS03 IM-B"]
[Site "Budapest"]
[Date "1997.??.??"]
[Round "9"]
[White "Jovanovic, Sasa D"]
[Black "Gara, Anita"]
[Result "1/2-1/2"]
[WhiteElo "2385"]
[BlackElo "2285"]
[PlyCount "168"]
[EventDate "1997.03.??"]
[EventType "tourn"]
[EventRounds "11"]
[EventCountry "HUN"]
[EventCategory "2"]
[SourceTitle "CBM 057 Extra"]
[Source "ChessBase"]
[SourceDate "1997.05.01"]
[SourceVersion "1"]
[SourceVersionDate "1997.05.01"]
[SourceQuality "1"]

1. e4 c5 2. Nf3 d6 3. d4 cxd4 4. Nxd4 Nf6 5. Nc3 Nc6 6. Be2 e5 7. Nf3 h6 8. 0-0 Be7 9. b3 0-0 10. Bb2 Be6 11. Re1 Qa5 12. Bf1 Rad8 13. Qc1 Rfe8 14. h3 Bf8 15. Nd2 a6 16. Nc4 Qc7 17. Ne3 Nd4 18. Qd1 Qc6 19. Bd3 d5 20. exd5 Nxd5 21. Ncxd5 Bxd5 22. Nxd5 Qxd5 23. Be4 Qc5 24. c4 Qc7 25. Bd5 Bc5 26. Rc1 Qe7 27. Qh5 Qf6 28. Kh1 Bb4 29. Rf1 Rd7 30. Rcd1 Bc5 31. Rd3 Qg5 32. Qxg5 hxg5 33. Rg3 Be7 34. Re1 Bb4 35. Re4 Rxd5 36. cxd5 f5 37. Ree3 f4 38. Bxd4 fxg3 39. fxg3 Bd6 40. Bc3 Kf7 41. Re4 Kf6 42. g4 b5 43. Bd2 Rc8 44. Re2 Rc5 45. Rf2+ Kg6 46. Rf5 Rxd5 47. Bxg5 Rd1+ 48. Kh2 Ra1 49. h4 e4+ 50. Bf4 Bxf4+ 51. Rxf4 Rxa2 52. Rxe4 a5 53. Re5 b4 54. h5+ Kf7 55. Rf5+ Ke6 56. Kh3 Ra3 57. Kh4 Rxb3 58. Rxa5 Rd3 59. g5 Rd5 60. Rxd5 Kxd5 61. h6 gxh6 62. gxh6 b3 63. h7 b2 64. h8Q b1Q 65. Qg8+ Ke5 66. Qg7+ Ke6 67. Qg4+ Ke5 68. Qg5+ Ke6 69. Qe3+ Kf7 70. g4 Qh1+ 71. Kg3 Kf6 72. Qd4+ Kg6 73. Qd6+ Kf7 74. Qf4+ Kg7 75. Qg5+ Kf7 76. Qe3 Kf6 77. Qf2+ Kg6 78. Qc2+ Kf6 79. Qf5+ Kg7 80. Qd7+ Kg6 81. Qe8+ Kg7 82. Qe3 Kf6 83. Qf3+ Qxf3+ 84. Kxf3 Kg5 1/2-1/2

[Event "Budapest FS03 IM"]
[Site "Budapest"]
[Date "1996.??.??"]
[Round "11"]
[White "Borsavolgyi, Tamas"]
[Black "Jovanovic, Sasa D"]
[Result "0-1"]
[WhiteElo "2375"]
[BlackElo "2300"]
[PlyCount "42"]
[EventDate "1996.03.??"]
[EventType "tourn"]
[EventRounds "13"]
[EventCountry "HUN"]
[EventCategory "3"]
[SourceTitle "CBM 052 Extra"]
[Source "ChessBase"]
[SourceDate "1996.07.01"]
[SourceVersion "1"]
[SourceVersionDate "1996.07.01"]
[SourceQuality "1"]

1. e4 c5 2. Nf3 d6 3. Nc3 Nc6 4. d4 cxd4 5. Nxd4 Nf6 6. g3 g6 7. Nde2 Bg7 8. Bg2 Bd7 9. h3 0-0 10. 0-0 Rb8 11. a4 a6 12. Be3 Qc8 13. Kh2 Ne5 14. b3 Neg4+ 15. Kh1 Nxe3 16. fxe3 Bxh3 17. Qd3 Bxg2+ 18. Kxg2 Qc5 19. Rac1 e6 20. Nd4 Ng4 21. Nce2 e5 0-1

[Event "Budapest FS09 IM"]
[Site "Budapest"]
[Date "1996.??.??"]
[Round "11"]
[White "Gara, Anita"]
[Black "Jovanovic, Sasa D"]
[Result "0-1"]
[WhiteElo "2235"]
[BlackElo "2370"]
[PlyCount "84"]
[EventDate "1996.09.??"]
[EventType "tourn"]
[EventRounds "11"]
[EventCountry "HUN"]
[EventCategory "3"]
[SourceTitle "EXT 1997"]
[Source "ChessBase"]
[SourceDate "1996.11.15"]
[SourceVersion "1"]
[SourceVersionDate "1996.11.15"]
[SourceQuality "1"]

1. e4 c5 2. Nf3 d6 3. d4 cxd4 4. Nxd4 Nf6 5. Nc3 Nc6 6. Bc4 Qb6 7. Nxc6 bxc6 8. 0-0 g6 9. Bd3 Bg7 10. Na4 Qc7 11. c4 0-0 12. f4 Rb8 13. Qe2 Nd7 14. Be3 Qa5 15. Qc2 Rb4 16. Nc3 Rxb2 17. Qxb2 Bxc3 18. Qf2 Bxa1 19. Rxa1 Nc5 20. Qc2 Ba6 21. Be2 Qa3 22. Kf2 f5 23. exf5 Rxf5 24. Rb1 Rf8 25. Bf3 Bc8 26. Rb8 Nd3+ 27. Kg3 Ne1 28. Qe4 Bf5 29. Rxf8+ Kxf8 30. Qd4 Nxf3 31. Kxf3 Qxa2 32. Qh8+ Kf7 33. Qxh7+ Ke8 34. Qh8+ Kd7 35. Qd4 a5 36. Qa7+ Ke6 37. Qd4 Qb1 38. Bf2 a4 39. Qe3+ Kf7 40. Bh4 Qb3 41. Kf2 Qb2+ 42. Qe2 a3 0-1

[Event "Budapest FS09 IM"]
[Site "Budapest"]
[Date "1996.??.??"]
[Round "3"]
[White "Jovanovic, Sasa D"]
[Black "Galyas, Miklos"]
[Result "1-0"]
[WhiteElo "2370"]
[BlackElo "2290"]
[PlyCount "55"]
[EventDate "1996.09.??"]
[EventType "tourn"]
[EventRounds "11"]
[EventCountry "HUN"]
[EventCategory "3"]
[SourceTitle "EXT 1997"]
[Source "ChessBase"]
[SourceDate "1996.11.15"]
[SourceVersion "1"]
[SourceVersionDate "1996.11.15"]
[SourceQuality "1"]

1. e4 e6 2. d4 d5 3. Nc3 Nf6 4. Bg5 Bb4 5. e5 h6 6. Bd2 Bxc3 7. bxc3 Ne4 8. Qg4 g6 9. Bd3 Nxd2 10. Kxd2 c5 11. Nf3 Nc6 12. Rab1 cxd4 13. cxd4 Qa5+ 14. Ke2 b6 15. Qf4 Ba6 16. h4 Rc8 17. Rhc1 Nb4 18. Rxb4 Qxb4 19. Bxa6 Rc7 20. Bd3 Rc3 21. h5 gxh5 22. Rh1 Ra3 23. Rxh5 Rxa2 24. Qf6 Rg8 25. Rxh6 Ra1 26. Rh7 Rf8 27. g4 Qb1 28. Rh1 1-0

[Event "Budapest FS09 IM"]
[Site "Budapest"]
[Date "1996.??.??"]
[Round "10"]
[White "Jovanovic, Sasa D"]
[Black "Kopisch, Martin"]
[Result "1-0"]
[WhiteElo "2370"]
[BlackElo "2220"]
[PlyCount "151"]
[EventDate "1996.09.??"]
[EventType "tourn"]
[EventRounds "11"]
[EventCountry "HUN"]
[EventCategory "3"]
[SourceTitle "EXT 1997"]
[Source "ChessBase"]
[SourceDate "1996.11.15"]
[SourceVersion "1"]
[SourceVersionDate "1996.11.15"]
[SourceQuality "1"]

1. e4 c5 2. Nf3 Nc6 3. d4 cxd4 4. Nxd4 g6 5. Nc3 Bg7 6. Nb3 d6 7. Be2 Nf6 8. 0-0 0-0 9. Kh1 a6 10. a4 Be6 11. f4 Rc8 12. g4 Nd7 13. Nd5 Bxd5 14. exd5 Na5 15. Nxa5 Qxa5 16. c3 Nf6 17. Bf3 Rc4 18. Be3 Rfc8 19. Ra3 Nd7 20. Re1 Qd8 21. Rb3 b6 22. Ra3 Kf8 23. Be2 b5 24. axb5 axb5 25. Bxc4 Rxc4 26. Qa1 Rc8 27. Ra7 Nf6 28. Qd1 Ra8 29. g5 Ne8 30. Qa1 Rb8 31. Qa6 b4 32. Bd4 bxc3 33. Bxc3 Bxc3 34. bxc3 Nc7 35. Qa5 Rc8 36. Qa4 e5 37. dxe6 Nxe6 38. Qb4 Rb8 39. Qe4 Qc8 40. Qd5 Qc5 41. Qxc5 dxc5 42. Re4 Rb2 43. Kg1 Rc2 44. Rc4 Kg7 45. Ra1 Rd2 46. Rf1 Rd5 47. Kg2 h6 48. h4 Rf5 49. Rf3 h5 50. Kg3 Rd5 51. Re3 Rd6 52. Kf3 Rd5 53. Re5 Rd3+ 54. Ke4 Rh3 55. Rxe6 fxe6 56. Rxc5 Rxh4 57. Ke5 Rg4 58. Rc7+ Kf8 59. Kxe6 Rxf4 60. c4 h4 61. c5 Kg8 62. Ra7 h3 63. Ra2 Rh4 64. Rh2 Rg4 65. Rxh3 Rxg5 66. Rc3 Rg1 67. c6 Re1+ 68. Kd6 Rd1+ 69. Kc5 Rd8 70. c7 Rc8 71. Kd6 Kf7 72. Kd7 Ra8 73. c8Q Rxc8 74. Rxc8 Kf6 75. Kd6 Kf5 76. Kd5 1-0

[Event "Budapest FS03 IM"]
[Site "Budapest"]
[Date "1996.??.??"]
[Round "12"]
[White "Jovanovic, Sasa D"]
[Black "Stillger, Bernhard"]
[Result "1/2-1/2"]
[WhiteElo "2300"]
[BlackElo "2310"]
[PlyCount "82"]
[EventDate "1996.03.??"]
[EventType "tourn"]
[EventRounds "13"]
[EventCountry "HUN"]
[EventCategory "3"]
[SourceTitle "CBM 052 Extra"]
[Source "ChessBase"]
[SourceDate "1996.07.01"]
[SourceVersion "1"]
[SourceVersionDate "1996.07.01"]
[SourceQuality "1"]

1. e4 e6 2. d4 d5 3. Nc3 Nf6 4. Bg5 dxe4 5. Nxe4 Nbd7 6. Nxf6+ Nxf6 7. Nf3 h6 8. Bh4 c5 9. Bb5+ Bd7 10. Bxd7+ Qxd7 11. 0-0 cxd4 12. Nxd4 Bc5 13. Nb3 Qxd1 14. Rfxd1 Bb6 15. a4 Rc8 16. a5 Bc7 17. a6 bxa6 18. Rxa6 g5 19. Bg3 Bxg3 20. hxg3 Rxc2 21. Rxa7 0-0 22. Rd2 Rxd2 23. Nxd2 Rd8 24. Nf1 Rd1 25. f3 Nd5 26. Kf2 Rc1 27. Ne3 Nxe3 28. Kxe3 Rc2 29. b4 Rxg2 30. b5 Rb2 31. Ra5 h5 32. Kd4 Kg7 33. Kc5 h4 34. gxh4 gxh4 35. b6 h3 36. Kc6 Kg6 37. b7 h2 38. Ra1 Kf5 39. Rh1 Rc2+ 40. Kd7 Rb2 41. Kc7 Rc2+ 1/2-1/2

[Event "Budapest Spring op 11th"]
[Site "Budapest"]
[Date "1995.??.??"]
[Round "7"]
[White "Jovanovic, Sasa D"]
[Black "Videki, Sandor"]
[Result "0-1"]
[WhiteElo "2315"]
[BlackElo "2455"]
[PlyCount "54"]
[EventDate "1995.03.??"]
[EventType "swiss"]
[EventRounds "9"]
[EventCountry "HUN"]
[SourceTitle "EXT 1997"]
[Source "ChessBase"]
[SourceDate "1996.11.15"]
[SourceVersion "1"]
[SourceVersionDate "1996.11.15"]
[SourceQuality "1"]

1. e4 c5 2. Nf3 d6 3. d4 cxd4 4. Nxd4 Nf6 5. Nc3 Nc6 6. Bg5 e6 7. Qd2 Be7 8. 0-0-0 0-0 9. Nb3 Qb6 10. f3 Rd8 11. g4 a6 12. Be3 Qc7 13. g5 Nd7 14. h4 b5 15. h5 b4 16. Ne2 a5 17. Ned4 Nde5 18. Kb1 d5 19. exd5 Rxd5 20. Qe1 a4 21. Nxc6 axb3 22. Nxe7+ Qxe7 23. cxb3 Nxf3 24. Qe2 Bb7 25. Bg2 Rf8 26. Qc4 Re5 27. Rd3 Rxe3 0-1

[Event "Arandjelovac"]
[Site "Arandjelovac"]
[Date "1993.??.??"]
[Round "9"]
[White "Jovanovic, Sasa D"]
[Black "Cvetkovic, Srdjan"]
[Result "0-1"]
[WhiteElo "2290"]
[BlackElo "2500"]
[PlyCount "170"]
[EventDate "1993.04.??"]
[EventType "tourn"]
[EventRounds "13"]
[EventCountry "YUG"]
[EventCategory "9"]
[SourceTitle "CBM 038 Extra"]
[Source "ChessBase"]
[SourceDate "1994.03.01"]
[SourceVersion "1"]
[SourceVersionDate "1994.03.01"]
[SourceQuality "1"]

1. d4 Nf6 2. c4 e6 3. Nc3 Bb4 4. g3 0-0 5. Bg2 d5 6. cxd5 exd5 7. Nf3 c6 8. Qc2 Nbd7 9. 0-0 a5 10. Bf4 Re8 11. a3 Bf8 12. Ne1 Nb6 13. Nf3 Bd6 14. Bxd6 Qxd6 15. e3 g6 16. Na4 Bf5 17. Qc5 Qxc5 18. Nxc5 Re7 19. Nd2 a4 20. Rfc1 Nc8 21. Bf1 Nd6 22. Rc3 b5 23. Bd3 Bxd3 24. Nxd3 Nc4 25. Rc2 Nd7 26. Nb4 Rc8 27. Nf3 f5 28. Ne1 Kf7 29. Ned3 g5 30. Kg2 Re6 31. h4 gxh4 32. Rh1 Rh6 33. Rxh4 Rxh4 34. gxh4 Ke6 35. Rc1 Kd6 36. Kf3 Rg8 37. Kf4 Rg4+ 38. Kxf5 Rxh4 39. Rg1 Rh5+ 40. Kf4 Rh4+ 41. Kf3 c5 42. dxc5+ Nxc5 43. Rg8 d4 44. Rd8+ Nd7 45. Kg3 Rh1 46. exd4 Kc7 47. Re8 Rb1 48. Re2 Kd6 49. f4 Rg1+ 50. Kf3 h5 51. d5 Nc5 52. Ne5 h4 53. Nf7+ Kd7 54. f5 h3 55. Rh2 Rf1+ 56. Kg3 Rxf5 57. Nh6 Ne4+ 58. Kxh3 Rh5+ 59. Kg2 Rxh2+ 60. Kxh2 Nxb2 61. Nf5 Nc4 62. Nc2 Nc3 63. Kg2 Nb1 64. Kf3 Nbxa3 65. Nb4 Kc7 66. Ke2 Nd6 67. Na6+ Kb6 68. Nxd6 Kxa6 69. Kd3 Ka5 70. Ne4 Nc4 71. d6 Kb6 72. Kc3 Ne5 73. Kb4 Nc6+ 74. Kc3 b4+ 75. Kc4 Ka5 76. Nc5 Ne5+ 77. Kd5 Nf7 78. d7 b3 79. Ke6 Nd8+ 80. Ke7 b2 81. Kxd8 b1Q 82. Ke7 Qh7+ 83. Ke6 Qg8+ 84. Ke7 Qg5+ 85. Ke8 Qh5+ 0-1

[Event "Arandjelovac"]
[Site "Arandjelovac"]
[Date "1993.??.??"]
[Round "3"]
[White "Jovanovic, Sasa D"]
[Black "Ilincic, Zlatko"]
[Result "0-1"]
[WhiteElo "2290"]
[BlackElo "2470"]
[PlyCount "90"]
[EventDate "1993.04.??"]
[EventType "tourn"]
[EventRounds "13"]
[EventCountry "YUG"]
[EventCategory "9"]
[SourceTitle "CBM 038 Extra"]
[Source "ChessBase"]
[SourceDate "1994.03.01"]
[SourceVersion "1"]
[SourceVersionDate "1994.03.01"]
[SourceQuality "1"]

1. d4 Nf6 2. c4 g6 3. Nc3 Bg7 4. e4 d6 5. Nf3 0-0 6. Be2 e5 7. 0-0 Na6 8. Re1 exd4 9. Nxd4 Nc5 10. Bf1 a5 11. Ndb5 Bd7 12. Bg5 h6 13. Bh4 Bc6 14. Qc2 g5 15. Bg3 Nfxe4 16. Nxe4 Nxe4 17. Rxe4 f5 18. Re6 f4 19. Rae1 fxg3 20. hxg3 Rf7 21. Bd3 Bd7 22. R6e3 Be5 23. c5 Kg7 24. cxd6 cxd6 25. Qe2 Qb6 26. a4 Raf8 27. Qh5 Rf6 28. Rf3 Bc6 29. Be4 Bxg3 30. Rxg3 Qxf2+ 31. Kh2 Qxe1 32. Rxg5+ Kh8 33. Bg6 Rxg6 34. Rxg6 Qe5+ 35. Qxe5+ dxe5 36. Rxh6+ Kg7 37. Re6 Rf2 38. Rxe5 Kf6 39. Rc5 Rxg2+ 40. Kh3 Rxb2 41. Kg3 Bxb5 42. axb5 a4 43. Kf4 a3 44. Rc3 a2 45. Ra3 Rb4+ 0-1

[Event "CRO-ch"]
[Site "Zagreb"]
[Date "1993.??.??"]
[Round "9"]
[White "Jovanovic, Sasa D"]
[Black "Kutuzovic, Branko"]
[Result "0-1"]
[WhiteElo "2290"]
[BlackElo "2360"]
[PlyCount "56"]
[EventDate "1993.??.??"]
[EventType "swiss"]
[EventRounds "9"]
[EventCountry "CRO"]
[SourceTitle "EXT 2002"]
[Source "ChessBase"]
[SourceDate "2001.11.25"]
[SourceVersion "1"]
[SourceVersionDate "2001.11.25"]
[SourceQuality "1"]

1. e4 c5 2. Nf3 d6 3. d4 cxd4 4. Nxd4 Nf6 5. Nc3 g6 6. Be2 Bg7 7. 0-0 0-0 8. Kh1 Nc6 9. Nb3 Be6 10. f4 Rc8 11. f5 Bd7 12. g4 gxf5 13. exf5 Ne5 14. h3 Bc6+ 15. Kh2 Ne4 16. Be3 a6 17. a4 Nxc3 18. bxc3 Be4 19. Bd4 d5 20. Rg1 Qd6 21. Rg3 Rc7 22. Nd2 Rfc8 23. Nxe4 dxe4 24. Qh1 Nf3+ 25. Bxf3 Bxd4 26. Bxe4 Be5 27. Rag1 Rxc3 28. Bd3 Bxg3+ 0-1

[Event "Arandjelovac"]
[Site "Arandjelovac"]
[Date "1993.??.??"]
[Round "6"]
[White "Kosic, Dragan"]
[Black "Jovanovic, Sasa D"]
[Result "1-0"]
[WhiteElo "2455"]
[BlackElo "2290"]
[PlyCount "73"]
[EventDate "1993.04.??"]
[EventType "tourn"]
[EventRounds "13"]
[EventCountry "YUG"]
[EventCategory "9"]
[SourceTitle "CBM 038 Extra"]
[Source "ChessBase"]
[SourceDate "1994.03.01"]
[SourceVersion "1"]
[SourceVersionDate "1994.03.01"]
[SourceQuality "1"]

1. Nf3 g6 2. d4 Bg7 3. g3 d6 4. Bg2 Nf6 5. 0-0 0-0 6. b3 Nbd7 7. Bb2 e5 8. dxe5 Ng4 9. Qd2 Ngxe5 10. c4 Rb8 11. Nc3 a6 12. Nxe5 dxe5 13. Rfd1 c6 14. Ne4 Qe7 15. a4 Nf6 16. Qg5 h6 17. Qxe5 Qxe5 18. Bxe5 Nxe4 19. Bxb8 Bxa1 20. Bxe4 Be6 21. Bc7 Bf6 22. a5 Re8 23. f3 Bg5 24. Kf2 Rc8 25. Bb6 Re8 26. Bc2 h5 27. e4 Be7 28. f4 Bg4 29. Rd4 h4 30. Bd1 hxg3+ 31. hxg3 Be6 32. g4 f5 33. exf5 gxf5 34. g5 Kg7 35. Rd3 c5 36. Bf3 Bc8 37. Re3 1-0